Supercoppa Italiana Winners - Statistics

General Stats
  • This quiz has been taken 29 times
  • The average score is 36 of 37
Answer Stats
Hint Answer % Correct
2024 AC Milan
100%
2016 AC Milan
100%
2011 AC Milan
100%
2004 AC Milan
100%
1994 AC Milan
100%
1993 AC Milan
100%
1992 AC Milan
100%
1988 AC Milan
100%
2007 AS Roma
100%
2001 AS Roma
100%
2023 Inter
100%
2022 Inter
100%
2021 Inter
100%
2010 Inter
100%
2008 Inter
100%
2006 Inter
100%
2005 Inter
100%
1989 Inter
100%
2020 Juventus
100%
2018 Juventus
100%
2015 Juventus
100%
2013 Juventus
100%
2012 Juventus
100%
2003 Juventus
100%
2002 Juventus
100%
1997 Juventus
100%
1995 Juventus
100%
2019 Lazio Roma
100%
2017 Lazio Roma
100%
2009 Lazio Roma
100%
2000 Lazio Roma
100%
1998 Lazio Roma
100%
2014 Napoli
92%
1990 Napoli
92%
1996 Fiorentina
77%
1999 Parma AC
73%
1991 Sampdoria
73%
No matching quizzes found
Score Distribution
Percent of People with Each Score
Percentile by Number Answered
Your Score History
You have not taken this quiz